Общая химия: учебное пособие

Podrobná bibliografie
Hlavní autor: Савельев Г. Г. Геннадий Гаврилович
Korporativní autor: Национальный исследовательский Томский политехнический университет (ТПУ) Институт физики высоких технологий (ИФВТ) Кафедра общей и неорганической химии (ОНХ)
Další autoři: Смолова Л. М. Лариса Михайловна, Галанов А. И. Андрей Иванович
Shrnutí:Заглавие с титульного экрана
Электронная версия печатной публикации
В учебном пособии представлены методические материалы по курсу химии в соответствии с ГОСами. Помимо теоретического материала, в каждом разделе приведены примеры решения задач и упражнения, которые помогут студентам лучше подготовиться к экзамену, а также при выполнении индивидуальных домашних заданий. Предназначено для студентов всех специальностей и направлений, изучающих химию.
Режим доступа: из корпоративной сети ТПУ
Jazyk:ruština
Vydáno: Томск, Изд-во ТПУ, 2013
Vydání:2-е изд.
Témata:
On-line přístup:http://www.lib.tpu.ru/fulltext2/m/2014/m039.pdf
Médium: MixedMaterials Elektronický zdroj Kniha
KOHA link:https://koha.lib.tpu.ru/cgi-bin/koha/opac-detail.pl?biblionumber=253343

MARC

LEADER 00000nlm0a2200000 4500
001 253343
005 20231101232832.0
035 |a (RuTPU)RU\TPU\book\275729 
090 |a 253343 
100 |a 20140313d2013 m y0rusy50 ca 
101 0 |a rus 
102 |a RU 
105 |a a j 001zy 
135 |a drcn ---uucaa 
181 0 |a i  
182 0 |a b 
200 1 |a Общая химия  |b Электронный ресурс  |e учебное пособие  |f Г. Г. Савельев, Л. М. Смолова, А. И. Галанов  |g Национальный исследовательский Томский политехнический университет (ТПУ) 
203 |a Текст  |c электронный 
205 |a 2-е изд. 
210 |a Томск  |c Изд-во ТПУ  |d 2013 
230 |a 1 компьютерный файл (pdf; 2.0 MB) 
300 |a Заглавие с титульного экрана 
300 |a Электронная версия печатной публикации 
330 |a В учебном пособии представлены методические материалы по курсу химии в соответствии с ГОСами. Помимо теоретического материала, в каждом разделе приведены примеры решения задач и упражнения, которые помогут студентам лучше подготовиться к экзамену, а также при выполнении индивидуальных домашних заданий. Предназначено для студентов всех специальностей и направлений, изучающих химию. 
333 |a Режим доступа: из корпоративной сети ТПУ 
337 |a Adobe Reader 
452 1 |0 (RuTPU)RU\TPU\book\286833  |t Общая химия  |o учебное пособие  |f Г. Г. Савельев, Л. М. Смолова, А. И. Галанов  |g Национальный исследовательский Томский политехнический университет (ТПУ)  |e 2-е изд.  |c Томск  |n Изд-во ТПУ  |d 2013  |p 212 с.  |a Савельев, Геннадий Гаврилович 
606 1 |a Химия общая  |2 stltpush  |3 (RuTPU)RU\TPU\subj\67862  |9 83510 
610 1 |a электронный ресурс 
610 1 |a учебные пособия 
610 1 |a труды учёных ТПУ 
610 1 |a химия 
610 1 |a атомно-молекулярное учение 
610 1 |a химические понятия 
610 1 |a химические формулы 
610 1 |a эквиваленты 
610 1 |a валентность 
610 1 |a уравнения 
610 1 |a химические реакции 
610 1 |a строение 
610 1 |a вещества 
610 1 |a периодическая система элементов 
610 1 |a квантовая теория 
610 1 |a атомы 
610 1 |a волновая теория 
610 1 |a молекулы 
610 1 |a химические связи 
610 1 |a водородные связи 
610 1 |a межмолекулярные силы 
610 1 |a химическая термодинамика 
610 1 |a химическая кинетика 
610 1 |a растворы 
610 1 |a электрохимические процессы 
675 |a 54(075.8)  |v 3 
700 1 |a Савельев  |b Г. Г.  |c российский химик  |c профессор Томского политехнического университета  |f 1938-2010  |g Геннадий Гаврилович  |2 stltpush  |3 (RuTPU)RU\TPU\pers\19860 
701 1 |a Смолова  |b Л. М.  |c химик  |c доцент Томского политехнического университета  |g Лариса Михайловна  |2 stltpush  |3 (RuTPU)RU\TPU\pers\27107 
701 1 |a Галанов  |b А. И.  |c химик  |c доцент Томского политехнического университета, кандидат химических наук  |f 1970-  |g Андрей Иванович  |2 stltpush  |3 (RuTPU)RU\TPU\pers\25608 
712 0 2 |a Национальный исследовательский Томский политехнический университет (ТПУ)  |b Институт физики высоких технологий (ИФВТ)  |b Кафедра общей и неорганической химии (ОНХ)  |h 142  |2 stltpush  |3 (RuTPU)RU\TPU\col\18686 
801 1 |a RU  |b 63413507  |c 20140313 
801 2 |a RU  |b 63413507  |c 20160616  |g RCR 
856 4 |u http://www.lib.tpu.ru/fulltext2/m/2014/m039.pdf 
900 |a Общая химия 
942 |c CF